Fußballer nach Land #2 - Statistiken

Allgemein
  • Dieses Quiz wurde 394 mal gespielt
  • Das Durchschnittsergebnis liegt bei 13 aus 18
Antwortstatistiken
Spieler Land % Korrekt
Marco Reus Deutschland
99%
Manuel Neuer Deutschland
93%
Christian Eriksen Dänemark
92%
Mohamed Salah Ägypten
90%
Rui Patricio Portugal
90%
Sadio Mane Senegal
90%
David Silva Spanien
90%
Dennis Bergkamp Niederlände
88%
Alessandro Del Piero Italien
87%
Blaise Matuidi Frankreich
79%
Radamel Falcao Kolumbien
72%
Guillermo Ochoa Mexiko
65%
Jordan Henderson Vereinigtes Königreich
64%
Lew Jaszyn Russland / Sowjetunion
57%
Adnan Januzaj Belgien
49%
Maciej Rybus Polen
41%
Tore André Flo Norwegen
24%
Iván Zamorano Chile
22%
Keine übereinstimmenden Quizze gefunden
Verteilung der Resultate
Anzahl Personen mit jedem Resultat
Perzentil nach korrekt beantworteten Fragen
Ihre Resultats-Entwicklung
Sie haben dieses Quiz noch nicht gespielt